Engineering thermodynamics /

Bibliographic Details
Main Author: Ebaugh, N. C. (Newton Cromwell), 1907-
Format: Book
Language:English
Published: New York : D. Van Nostrand company, inc., [1937]
Subjects:

MARC

Tag First Indicator Second Indicator Subfields
LEADER 00000cam a2200000 4500
001 in00000037367
005 20151007074239.0
008 730723s1937 nyua b 00010 eng u
010 |a  37018131  
035 |a (OCoLC)00660806 
035 |9 AAF1194AM 
040 |c KSU  |d TXA  |d UtOrBLW 
049 |a TXAM  |c [377190] 
050 0 0 |a TJ265  |b .E25 
092 |a 621.101  |b E15e 
100 1 |a Ebaugh, N. C.  |q (Newton Cromwell),  |d 1907- 
245 1 0 |a Engineering thermodynamics /  |c by Newton C. Ebaugh. 
264 1 |a New York :  |b D. Van Nostrand company, inc.,  |c [1937] 
264 4 |c [©1937] 
300 |a ix, 208 pages :  |b illustrations, diagrams (part folded, 1 in pocket) ;  |c 24 cm. 
336 |a text  |b txt  |2 rdacontent 
337 |a unmediated  |b n  |2 rdamedia 
338 |a volume  |b nc  |2 rdacarrier 
500 |a "Answers to exercises": pages 191-195. 
504 |a "References": pages 189-190. 
650 0 |a Thermodynamics. 
999 |a MARS 
999 f f |s feed2250-2e86-33a2-b7e3-3144d613431e  |i 80146fce-98d2-311f-8c01-8863182e265b  |t 0 
952 f f |p ric  |a Texas A&M University  |b Rellis Campus  |c Joint Library Facility  |d Remote Storage  |t 0  |e TJ265 .E25  |h Library of Congress classification  |i unmediated -- volume  |m A14801033223 
998 f f |a TJ265 .E25  |t 0  |l Remote Storage